000 01057nam a2200217Ia 4500
003 Ost
005 20260416102359.0
008 260416s9999||||xx |||||||||||||| ||und||
040 _cfsecg
041 _aara
082 _a338.5
100 _aقطوش، رزق
_eمؤلف
245 0 _aاقتصاد جزئي 1 /
_c رزق قطوش
260 _aالجزائر
_bجامعة الجزائر3: كلية العلوم الإقتصادية، العلوم التجارية وعلوم التسيير
_c2022
300 _a137 ورقة
_bايض
_c30 سم
504 _aالمراجع ص.137
520 _aعلم الاقتصاد و المشكلة الاقتصادية ، نظرتي الطلب و العرض و تطبيقاتهما ، التوازن السوقي ، تطور نظرية الطلب(نظريات سلوك المستهلك) .
653 _aالاقتصاد الجزئي
710 _aجامعة الجزائر3: كلية العلوم الإقتصادية، العلوم التجارية وعلوم التسيير
_eناشر علمي
942 _cHANDOUT
999 _c41340
_d41340